Vista normal
Vista MARC
Entrada Topical Term
Número de registros utilizados en: 4
001 - CONTROL NUMBER
- control field: 5699
003 - CONTROL NUMBER IDENTIFIER
- control field: OSt
005 - DATE AND TIME OF LATEST TRANSACTION
- control field: 20230915225824.0
008 - FIXED-LENGTH DATA ELEMENTS
- fixed length control field: 230915|| aca||aabn | a|a d
040 ## - CATALOGING SOURCE
- Original cataloging agency: OSt
- Transcribing agency: OSt
150 ## - HEADING--TOPICAL TERM
- Topical term or geographic name entry element: INDIGENAS AMAZONICOS
670 ## - SOURCE DATA FOUND
- Source citation: Work cat.: (OSt)18740: Seminario sobre reconocimiento y demarcación de territorios indigenas : brasilia, diciembre 9 - 12 de 1991 5698, Reconocimiento y demarcación de territorios indígenas en la amazonía : , 1993